000 00677nam a2200205 u 4500
005 20240228064300.0
008 170322s2012 r 000 0 eng d
035 _aUPN01000216980
049 _aI
050 4 _aPZ90 H5
_bR3.2
100 1 _aRavishankar, Anushka
_936977
245 1 1 _a¡Atrapen a ese cocodrilo! /
_cAnushka Ravishankar ; il. Pulak Biswas ; tr. Diana Mata.
260 _aMéxico :
_bPetra,
_c2012.
300 _a[39] p. :
_bil.
534 _pTítulo original :
_tCatch that crocodile!
650 4 _aLITERATURA INFANTIL INDICA
_925723
650 7 _aAnimales
_vLiteratura infantil
_2
_91061
650 4 _aLibros y lectura para niños
_92290
905 _ainfantil
999 _c189080
_d189080